LIBRARY ONLINE CATALOGUE

organic chemistry (Record no. 16086)

MARC details
000 -LEADER
fixed length control field 00525nam a22001697a 4500
008 - FIXED-LENGTH DATA ELEMENTS--GENERAL INFORMATION
fixed length control field 160923b xxu||||| |||| 00| 0 eng d
020 ## - INTERNATIONAL STANDARD BOOK NUMBER
International Standard Book Number 1292024363
040 ## - CATALOGING SOURCE
Original cataloging agency KABU
Transcribing agency KABU
050 ## - LIBRARY OF CONGRESS CALL NUMBER
Classification number QR251.3
Item number .B78 2014 C.1
100 ## - MAIN ENTRY--PERSONAL NAME
Personal name Bruice, Paula Y.
245 ## - TITLE STATEMENT
Title organic chemistry
Statement of responsibility, etc. by Paula Y. Bruice
250 ## - EDITION STATEMENT
Edition statement 7th ed.
260 ## - PUBLICATION, DISTRIBUTION, ETC. (IMPRINT)
Place of publication, distribution, etc. United state of America
Name of publisher, distributor, etc. Pearson education limited
Date of publication, distribution, etc. 2014
300 ## - PHYSICAL DESCRIPTION
Extent iii, 1338 p.
650 ## - SUBJECT ADDED ENTRY--TOPICAL TERM
Source of heading or term Chemistry organic
Form subdivision Textbooks
942 ## - ADDED ENTRY ELEMENTS (KOHA)
Source of classification or shelving scheme Library of Congress Classification
Koha item type General Collection
Edition 7th ed.
Classification part QD251.3
Call number prefix .B78 2014 C.1
Holdings
Withdrawn status Lost status Source of classification or shelving scheme Not for loan Home library Current library Shelving location Date acquired Cost, normal purchase price Total Checkouts Total Renewals Full call number Barcode Date last seen Date last checked out Copy number Price effective from Koha item type
    Library of Congress Classification   Kabarak, Main Campus Kabarak, Main Campus General Stacks 23/09/2016 12150.00 5 1 QR251.3 .B78 2014 C.1 026666 04/12/2018 07/11/2018 C.1 23/09/2016 General Collection
    Library of Congress Classification   Kabarak, Main Campus Kabarak, Main Campus General Stacks 23/09/2016 12150.00 4   QR251.3 .B78 2014 C.2 026667 27/11/2018 16/11/2018 C.2 23/09/2016 General Collection
    Library of Congress Classification   Kabarak, Main Campus Kabarak, Main Campus General Stacks 23/09/2016 12150.00 7   QR251.3 .B78 2014 C.3 026668 15/12/2021 07/12/2021 C.3 23/09/2016 General Collection
    Library of Congress Classification   Kabarak, Main Campus Kabarak, Main Campus General Stacks 23/09/2016   5   QR251.3 .B78 2014 C.4 026670 12/04/2018 29/03/2018 C.4 23/09/2016 General Collection